MICROFINANCE SELF EMPLOYMENT AND POVERTY (Record no. 12086)

MARC details
000 -LEADER
fixed length control field 00369nam a2200133Ia 4500
008 - FIXED-LENGTH DATA ELEMENTS--GENERAL INFORMATION
fixed length control field 240624s9999 xx 000 0 und d
041 ## - LANGUAGE CODE
Language code of text/sound track or separate title eng
082 ## - DEWEY DECIMAL CLASSIFICATION NUMBER
Classification number 332.2054 KAM
100 ## - MAIN ENTRY--PERSONAL NAME
Personal name KAMDAR SANGITA
245 ## - TITLE STATEMENT
Title MICROFINANCE SELF EMPLOYMENT AND POVERTY
260 ## - PUBLICATION, DISTRIBUTION, ETC.
Date of publication, distribution, etc. 2007
Place of publication, distribution, etc. New Delhi
Name of publisher, distributor, etc. Himalaya Publishing House
300 ## - PHYSICAL DESCRIPTION
Extent xx, : 268 : p. : cm. ; 22
365 ## - TRADE PRICE
Currency code RS
Price amount 25
Holdings
Withdrawn status Lost status Damaged status Not for loan Home library Current library Shelving location Date acquired Source of acquisition Cost, normal purchase price Total Holds Full call number Barcode Date last seen Copy number Price effective from Koha item type
        IMTN IMTN Rack 7-B 12/17/2008 HPHPL 750.00 32767 332.2054 KAM 12086 06/24/2024 1 06/24/2024 Books
Designed & Maintained by: LRC IMT Nagpur Contact: lrc@imtnag.ac.in© 2024. All Rights Reserved.